000
00334nam a2200133Ia 4500
008
240624s9999 xx 000 0 und d
041
_a
eng
082
_a
658.4083 RYL
100
_a
RYLEY TIM
245
_a
TRANSPORT AND CLIMATE CHANGE
260
_c
2012
_a
United Kingdom
_b
Emerald
300
_a
xi, 396 p.; 23 cm.
365
_c
BPS
_b
33
999
_c
32441
_d
32441